Conflictividad y Ordenes Mundiales (Registro nro. 59744)
[ vista simple ]
| 000 -CABECERA | |
|---|---|
| Campo de control interno | nam a22 7a 4500 |
| 005 - FECHA Y HORA DE LA CATALOGACION | |
| Campo de control | 20210329203036.0 |
| 008 - ELEMENTOS DE LONGITUD FIJA - INFORMACION | |
| Elementos de Longitud Fija - Informaci | 210329b xxu||||| |||| 00| 0 eng d |
| 040 ## - ORIGEN DE LA CATALOGACION | |
| Origen de la Catalogación | ANE |
| 041 ## - CODIGO DE LENGUAJE | |
| Código de lenguaje del texto | Es |
| 100 ## - AUTOR PERSONAL | |
| Autor Personal | Wilson Fernández Luzuriaga |
| 245 ## - TÍTULO GENERAL | |
| Título | Conflictividad y Ordenes Mundiales |
| 300 ## - DESCRIPCION | |
| Número de páginas | 18 p. |
| 856 ## - URL - Ubicaci | |
| URI/URL | http://documentacion.asambleanacional.gob.ec/alfresco/d/d/workspace/SpacesStore/2e5791e9-a681-4cf2-8f77-6ea55ba075ed/Revista%20Conflictividad%20y%20Ordenes%20Mundiales.pdf |
| 942 ## - ELEMENTOS DE KOHA | |
| Esquema de Clasificaci | |
| Tipo de Documento | Biblioteca Virtual |
| Catalogador | Nr. |
| Withdrawn status | Lost status | Fuente de Clasificaci | Damaged status | Not for loan | Ubicaci | Biblioteca | Fecha de Adquisición | Vía de adquisición | Signatura Topogr | Código de barras | Date last seen | Price effective from | Tipo de Item |
|---|---|---|---|---|---|---|---|---|---|---|---|---|---|
| Biblioteca Asamblea Nacional | Biblioteca Asamblea Nacional | 2021-03-29 | Donación | Revista | 41917 | 2021-03-29 | 2021-03-29 | Biblioteca Virtual |